Mechanics of materials / (Record no. 564)

000 -LEADER
fixed length control field 00695nam a2200241 a 4500
001 - CONTROL NUMBER
control field 564
003 - CONTROL NUMBER IDENTIFIER
control field BD-DhUET
008 - FIXED-LENGTH DATA ELEMENTS--GENERAL INFORMATION
fixed length control field 140803b xxu||||| |||| 00| 0 eng d
020 ## - INTERNATIONAL STANDARD BOOK NUMBER
International Standard Book Number 9780070153899
040 ## - CATALOGING SOURCE
Original cataloging agency DLC
Transcribing agency DLC
Modifying agency BD-DhUET
082 00 - DEWEY DECIMAL CLASSIFICATION NUMBER
Classification number 620.11
Item number BEE/2006
245 00 - TITLE STATEMENT
Title Mechanics of materials /
Statement of responsibility, etc. by Ferdinand P. Beer ... [et al.].
250 ## - EDITION STATEMENT
Edition statement 5th ed.
260 ## - PUBLICATION, DISTRIBUTION, ETC. (IMPRINT)
Place of publication, distribution, etc. New Delhi:
Name of publisher, distributor, etc. Tata McGraw-Hill,
Date of publication, distribution, etc. 2006.
300 ## - PHYSICAL DESCRIPTION
Extent xvii, 780p. :
650 #0 - SUBJECT ADDED ENTRY--TOPICAL TERM
Topical term or geographic name as entry element Strength of materials
700 1# - ADDED ENTRY--PERSONAL NAME
Personal name Beer, Ferdinand Pierre,
700 ## - ADDED ENTRY--PERSONAL NAME
Personal name Russell Johnston, E.
700 ## - ADDED ENTRY--PERSONAL NAME
Personal name Dewolf; John T.
700 ## - ADDED ENTRY--PERSONAL NAME
Personal name Mazurek, David F.
942 ## - ADDED ENTRY ELEMENTS (KOHA)
Koha item type General Book
856 41 - ELECTRONIC LOCATION AND ACCESS
Uniform Resource Identifier http://www.loc.gov/catdir/toc/ecip0811/2008007412.html
Holdings
Damaged status Koha out on loan Koha normalized classification for sorting Not for loan Koha date last borrowed Price effective from Piece designation (barcode) Withdrawn status Shelving location Koha item type Lost status Koha date last seen Copy number Source of classification or shelving scheme Koha full call number Sublocation or collection (holding branch) Date acquired Location (home branch) Koha issues (times borrowed)
  620_000000000000000_11BEE2006 2025-04-292014-08-03112100 Circulation sectionGeneral Book 2025-11-291 620.11/BEE/2006Central Library, BUET2014-08-03Central Library, BUET15
 2025-05-03620_000000000000000_11BEE2006 2025-04-192014-08-03112101 Circulation sectionGeneral Book 2025-04-192 620.11/BEE/2006Central Library, BUET2014-08-03Central Library, BUET10